Mechanizačné prostriedky a zariadenia pre ťažbu, manipuláciu a dopravu dreva v krajinách RVHP, Juhoslávii a Fínsku

Bibliographic Details
Main Authors: Haláth, Ján (Author), Chudík, Igor, 1935-1994 (Author), Ilavský, Ján, 1945- (Author), Jančo, Jozef, 1923- (Author), Jesenský, Ladislav (Author), Kern, Josef (Author), Kušpál, Jozef (Author), Lizdák, Michal (Author), Majkút, Štefan, 1923- (Author), Radocha, Marián (Author)
Format: Book
Language:Slovak
PhysicalDescription:391 fotogr., sch. 25 cm
Published: Bratislava S.l. Príroda MLVH SSR v Bratislave [vyd.] 1984
Edition:1. vyd.
Series:Lesníctvo
Subjects:

MARC

LEADER 00000nam a2200000 a 4500
001 vtls001093816
003 SK-MaSNL
005 20260301062423.0
008 180815s1984 xo 0 slo
015 |a SNBA1985/03 
035 |a SNK000036658 
040 |a SNK  |b slo  |c SNK  |e AACR2 
041 0 |a slo 
044 |a xo  |c SK 
080 |a 630 3.002.5(4-11)  |2 1981 
100 1 |a Haláth, Ján  |4 aut  |9 369384 
245 1 0 |a Mechanizačné prostriedky a zariadenia pre ťažbu, manipuláciu a dopravu dreva v krajinách RVHP, Juhoslávii a Fínsku  |c Ján Haláth a kol. 
250 |a 1. vyd. 
260 |a Bratislava  |b Príroda  |a S.l.  |b MLVH SSR v Bratislave [vyd.]  |c 1984  |e Banská Bystrica  |f Tlačiarne SNP 
300 |a 391  |b fotogr., sch.  |c 25 cm 
366 |e 800 výtl. 
490 0 |a Lesníctvo 
500 |a Súbež. náz. a obs. rus., nem. a angl. Nepredajné 
650 0 7 |a drevo  |2 SNKPH  |9 3560 
650 0 7 |a ťažba dreva  |2 SNKPH  |9 16648 
650 0 7 |a doprava  |2 SNKPH  |9 1777 
650 0 7 |a mechanizačné prostriedky  |2 SNK  |9 376759 
655 7 |a monografie  |2 SNKPH  |9 70139 
700 1 |a Chudík, Igor,  |d 1935-1994  |4 aut  |9 39028 
700 1 |a Ilavský, Ján,  |d 1945-  |4 aut  |9 125847 
700 1 |a Jančo, Jozef,  |d 1923-  |4 aut  |9 5301 
700 1 |a Jesenský, Ladislav  |4 aut  |9 6041 
700 1 |a Kern, Josef  |4 aut  |9 376760 
700 1 |a Kušpál, Jozef  |4 aut  |9 376761 
700 1 |a Lizdák, Michal  |4 aut  |9 376762 
700 1 |a Majkút, Štefan,  |d 1923-  |4 aut  |9 38569 
700 1 |a Radocha, Marián  |4 aut  |9 280303 
958 |a OND 
958 |a CZ 
958 |a TL 
958 |a OP 
999 |c 620593  |d 622523 
952 |t P60, <04>, [BOOK], {604}  |a SNK  |b SNK  |y VYP  |7 0  |p 17A0097379  |o snkSC 62564 D1  |0 0  |1 0  |4 0  |d 1998-10-24  |l 0  |r 2004-12-31 00:00:00  |w 2026-02-23 
952 |a SNK  |b SNK  |y PREZ  |7 0  |p 17A0916392  |o snkSC 62564  |0 0  |1 0  |4 0  |d 2012-08-07  |l 0  |r 2025-06-18 00:00:00  |w 2026-02-23